árboles para madera /

Guardado en:
Autor Principal: Selecciones El Campo
Formato: Libro
Publicado: Buenos Aires : Suelo argentino, 1952
Materias:
Etiquetas: Agregar Etiqueta
Sin Etiquetas, Sea el primero en etiquetar este registro!
LEADER 00663nam a22001935a 4500
001 CEM.cems016140
005 20091207171705.0
008 130507s1952##################000#0#####d
003 CEMS
082 0 4 |a 582.16 
100 1 |a Selecciones El Campo 
245 1 0 |a árboles para madera /  |c Selecciones El Campo, 
260 |a Buenos Aires :  |b Suelo argentino,  |c 1952 
300 |a 147 p. 
653 |a Recursos forestales 
653 |a Silvicultura 
859 |a CEMS  |b BIB. CEMS - Agricultura  |h 582.16  |i Se11  |p A7134.79  |t Ej.2  |v 1  |3 1 
859 |a CEMS  |b BIB. CEMS - Agricultura  |h 582.16  |i Se11  |p A7923.79  |t Ej.1  |v 1  |3 1 
859 |a CEMS  |b BIB. CEMS - Agricultura  |h 582.16  |i Se11  |p A8032.80  |t Ej.3  |v 1  |3 1